000 00772cab a2200241 4500
001 WB3301-73
008 090401t1996 xxu||||| |||| 00| 0 eng d
035 _a(Sirsi) u13285
041 _aeng
245 _aCharacter map problems
260 _c1996
350 _a0
490 _aFarmers' Weekly
_v13 December 1996, 12(1)
520 _aLandowners are concerned that local authorities could use the new countryside character map to introduce planning restrictions and prevent agricultural development. See also WB3246-24.
650 _aAGRICULTURAL DEVELOPMENT
650 _aCOUNTRYSIDE CHARACTER MAP
650 _aLANDOWNERS
650 _aPLANNING CONTROL
650 _aPLANNING RESTRICTIONS
690 _aRURAL PRACTICE
942 _n0
948 _c04/03/1997
999 _c8557
_d8557